000 00368cam a2200145ua 4500
041 _aeng
_h
082 _a928.21
_bRUS/PR
100 _aRuskin, John .
245 _aPraeterita and Delicta, Vol 3 /
_cJohn Ruskin.
_hTextual Documents
260 _aLondon :
_bGeorge Allen & Unwin Ltd ,
_c1907.
300 _a330 ; .
504 _a
942 _cBK
999 _c6142
_d6142